Learning automata : (Record no. 194607)

MARC details
000 -LEADER
fixed length control field 00798nam a2200241Ia 4500
003 - CONTROL NUMBER IDENTIFIER
control field OSt
005 - DATE AND TIME OF LATEST TRANSACTION
control field 20260321115139.0
008 - FIXED-LENGTH DATA ELEMENTS--GENERAL INFORMATION
fixed length control field 210716s2012 xx 000 0 und d
020 ## - INTERNATIONAL STANDARD BOOK NUMBER
International Standard Book Number 9780486498775
040 ## - CATALOGING SOURCE
Transcribing agency AIMIT LIBRARY
041 ## - LANGUAGE CODE
Language code of text/sound track or separate title eng
082 ## - DEWEY DECIMAL CLASSIFICATION NUMBER
Classification number 511.3
Edition number 1
Item number NARK
100 ## - MAIN ENTRY--PERSONAL NAME
Personal name Narendra, Kumpati S.
9 (RLIN) 258941
245 ## - TITLE STATEMENT
Title Learning automata :
Remainder of title introduction /
Statement of responsibility, etc. By Kumpati S Narendra and Mandayam A L Thathachar.
250 ## - EDITION STATEMENT
Edition statement 1st ed.
260 ## - PUBLICATION, DISTRIBUTION, ETC.
Place of publication, distribution, etc. New York :
Name of publisher, distributor, etc. Dover publications ,
Date of publication, distribution, etc. 2012.
300 ## - PHYSICAL DESCRIPTION
Extent xiii,476p. ;
Other physical details PB
Dimensions 23.2 cm
650 ## - SUBJECT ADDED ENTRY--TOPICAL TERM
Topical term or geographic name entry element The learning automation
9 (RLIN) 258942
650 ## - SUBJECT ADDED ENTRY--TOPICAL TERM
Topical term or geographic name entry element Variable structure stochastic automata
9 (RLIN) 258943
650 ## - SUBJECT ADDED ENTRY--TOPICAL TERM
Topical term or geographic name entry element Applications of learning automata
9 (RLIN) 258944
700 ## - ADDED ENTRY--PERSONAL NAME
Personal name Thathachar, Mandayam A L.
9 (RLIN) 258945
942 ## - ADDED ENTRY ELEMENTS (KOHA)
Source of classification or shelving scheme Dewey Decimal Classification
Koha item type Book
Edition 1st
Call number prefix 511.3 NARK
Holdings
Withdrawn status Lost status Source of classification or shelving scheme Damaged status Not for loan Collection code Home library Current library Source of acquisition Cost, normal purchase price Inventory number Total Checkouts Full call number Barcode Date last seen Cost, replacement price Price effective from Koha item type
    Dewey Decimal Classification     MCA St Aloysius Institute of Management & Information Technology St Aloysius Institute of Management & Information Technology Knowledge World 1634.00 Bill no:445; Bill dt:2015-03-20   511.3 NARK MCA14115 05/23/2026 1225.50 07/16/2021 Book